Es Lope : (Record no. 184248)
[ view plain ]
| 000 -LEADER | |
|---|---|
| campo de control de longitud fija | 01405nam a2200313 i 4500 |
| 001 - NÚMERO DE CONTROL | |
| campo de control | 184248 |
| 003 - IDENTIFICADOR DE NÚMERO DE CONTROL | |
| campo de control | ES-MaACL |
| 005 - FECHA Y HORA DE LA ÚLTIMA TRANSACCIÓN | |
| campo de control | 20250806063142.0 |
| 008 - DATOS DE LONGITUD FIJA--INFORMACIÓN GENERAL | |
| campo de control de longitud fija | 150529s2014 sp ao c |||| |dspa d |
| 017 ## - NÚMERO DE COPYRIGHT O DE DEPÓSITO LEGAL | |
| Número de copyright o de depósito legal | M 32278-2014 |
| Agencia que asigna | Oficina Depósito Legal Madrid |
| 020 ## - NÚMERO INTERNACIONAL ESTÁNDAR DEL LIBRO | |
| Número Internacional Estándar del Libro | 978-84-451-3498-6 |
| 080 ## - NÚMERO DE LA CLASIFICACIÓN DECIMAL UNIVERSAL | |
| Número de la Clasificación Decimal Universal | 929 Vega, Lope de (060.64) |
| 080 ## - NÚMERO DE LA CLASIFICACIÓN DECIMAL UNIVERSAL | |
| Número de la Clasificación Decimal Universal | 821.134.2 Vega, Lope de (060.64) |
| 245 00 - MENCIÓN DEL TÍTULO | |
| Título | Es Lope : |
| Resto del título | [exposición, Casa Museo de Lope de Vega, del 25 de noviembre de 2014 hasta el 1 de febrero de 2015] / |
| Mención de responsabilidad, etc. | [comisario, José Manuel Sánchez Ron ; autores de los textos, Francisco Rico ... et al.] |
| 260 ## - PUBLICACIÓN, DISTRIBUCIÓN, ETC. | |
| Lugar de publicación, distribución, etc. | Madrid : |
| Nombre del editor, distribuidor, etc. | Comunidad de Madrid : |
| -- | Real Academia Española, |
| Fecha de publicación, distribución, etc. | [2014] |
| 300 ## - DESCRIPCIÓN FÍSICA | |
| Extensión | 117 páginas : |
| Otras características físicas | ilustraciones (blanco y negro y color) ; |
| Dimensiones | 24 cm |
| Material acompañante/anejo | |
| 500 ## - NOTA GENERAL | |
| Nota general | Cronología |
| 600 14 - PUNTO DE ACCESO ADICIONAL DE MATERIA--NOMBRE DE PERSONA | |
| Nombre de persona | Vega, Lope de, |
| Fechas asociadas al nombre | 1562-1635- |
| Subdivisión de forma | Exposiciones |
| 9 (RLIN) | 113566 |
| 655 #7 - TERMINO DE INDIZACIÓN--GENERO/FORMA | |
| Datos o término principal de género/forma | Catálogos de exposiciones |
| Fuente del término | tgfbne |
| 9 (RLIN) | 193628 |
| 700 1# - ENTRADA AGREGADA--NOMBRE PERSONAL | |
| Nombre de persona | Sánchez Ron, José Manuel, |
| Fechas asociadas al nombre | 1949- |
| Término indicativo de función/relación | Comisario |
| 9 (RLIN) | 102904 |
| 700 1# - ENTRADA AGREGADA--NOMBRE PERSONAL | |
| Nombre de persona | Rico, Francisco, |
| Fechas asociadas al nombre | 1942- |
| Término indicativo de función/relación | Autor |
| 9 (RLIN) | 97012 |
| 710 2# - ENTRADA AGREGADA--NOMBRE DE ENTIDAD CORPORATIVA | |
| Nombre de entidad corporativa o nombre de jurisdicción como elemento de entrada | Casa Museo Lope de Vega |
| Término indicativo de función/relación | Sede |
| 9 (RLIN) | 193698 |
| 710 1# - ENTRADA AGREGADA--NOMBRE DE ENTIDAD CORPORATIVA | |
| Nombre de entidad corporativa o nombre de jurisdicción como elemento de entrada | Madrid (Comunidad Autónoma) |
| Término indicativo de función/relación | Editor |
| 9 (RLIN) | 5587 |
| 710 2# - ENTRADA AGREGADA--NOMBRE DE ENTIDAD CORPORATIVA | |
| Nombre de entidad corporativa o nombre de jurisdicción como elemento de entrada | Real Academia Española |
| Término indicativo de función/relación | Editor |
| 9 (RLIN) | 6336 |
| 852 ## - LOCALIZACIÓN | |
| Ubicación | ES-MaACL |
| Sublocalización o colección | R.150381 |
| Ubicación en estantería | Depósito 1 |
| Signatura antigua | Olim: N-6489 |
| Donativo/Legado | Donación Comunidad de Madrid |
| Número de control de estantería | A-13489 |
| itemnumber | 191233 |
| 942 ## - ELEMENTOS DE ENTRADA SECUNDARIOS (KOHA) | |
| Fuente del sistema de clasificación o colocación | Clasificación decimal universal |
| Tipo de ítem Koha | Libro impreso |
| Suprimir en OPAC | No |
| Estatus retirado | Estado de pérdida | Fuente del sistema de clasificación o colocación | Estado de daño | No para préstamo | Biblioteca de origen | Biblioteca actual | Ubicación en estantería | Fecha de adquisición | Fuente de adquisición | Total de préstamos | Signatura topográfica completa | Código de barras | Visto por última vez | Tipo de ítem Koha |
|---|---|---|---|---|---|---|---|---|---|---|---|---|---|---|
| Clasificación decimal universal | Biblioteca del Ateneo de Madrid | Biblioteca del Ateneo de Madrid | Depósito 1 | 29/05/2015 | Donación | A-13489 | 1193810 | 23/02/2023 | Libro impreso |
